| 000 | 00652nam a2200229 a 4500 | ||
|---|---|---|---|
| 008 | |||
| 049 | _aMAIN | ||
| 090 | _aTK7863 | ||
| 100 | 1 | _aHanda, M. | |
| 245 | 1 | 0 |
_aElectronics and communication engineering : _b(objective type) / _cM. Handa. |
| 260 |
_aNew Delhi : _bSatya Prakashan, _c1996. |
||
| 300 | _a3rd ed. | ||
| 300 |
_aviii, 489 p. : _bill. ; _c24 cm. |
||
| 440 | _aSumitra professional series. | ||
| 650 | _aElectronics. | ||
| 650 | _aTelecommunication. | ||
| 907 |
_a.b10115900 _b29-09-05 _c29-03-04 |
||
| 003 | |||
| 005 | 20230123133647.0 | ||
| 040 | _cNUST | ||
| 942 |
_cBOOKS _kTK7863 |
||
| 999 |
_c152446 _d152446 |
||